| 000 | 00750nam a22002175i 4500 | ||
|---|---|---|---|
| 001 | 169022 | ||
| 003 | ES-MaACL | ||
| 005 | 20230906213950.0 | ||
| 008 | 080728q1870 fr |||| | fre d | ||
| 080 | _a782.089.6 | ||
| 100 | 1 |
_aMeyerbeer, Giacomo. _980809 |
|
| 245 | 1 | 4 |
_aLes Huguenots [ _hMúsica impresa] _b: opéra en cinq actes / _cparoles de Scribe ; musique de G. Meyerbeer. |
| 250 | _aÉd. définitive et compléte. | ||
| 260 |
_aParis : _bBenoit, _c[ca. 1870] |
||
| 300 |
_a1 partitura vocal (473 p.) ; _c28 cm. |
||
| 650 | 4 |
_aÓperas- _xPartituras vocales. _9137997 |
|
| 700 | 1 |
_aScribe, Eugène. _9104966 |
|
| 852 | 4 |
_aES-MaACL _jL-29291 _z- Biblioteca Jacinto Martínez Lacalle |
|
| 942 | _2udc | ||
| 999 |
_c169022 _d169022 |
||